Statystyki dla Rozpoznaj państwo po zdjęciu #6

Kliknij tutaj aby rozwiązać quiz!

Ogólne statystyki

  • Ten quiz został rozwiązany 30 razy
  • Średni wynik to 4 z 10

Statystyki odpowiedzi

Odpowiedź% Poprawnych
Islandia
76%
Monako
60%
Rumunia
52%
Somalia
48%
Tunezja
44%
Niger
40%
Syria
36%
Ekwador
16%
Jamajka
16%
Sri Lanka
16%

Rozkład punktacji

Percentyl według liczby udzielonych odpowiedzi

Procent ludzi z każdym wynikiem

Twoja historia wyników

Nie rozwiązałeś tego quizu